书目信息 |
| 题名: |
中日古代帝王年号及大事对照表
|
|
| 作者: | 李寅生 编著 | |
| 分册: | ||
| 出版信息: | 成都 四川辞书出版社 2005 |
|
| 页数: | 217页 | |
| 开本: | 24cm | |
| 丛书名: | ||
| 单 册: | ||
| 中图分类: | K220.8 , K313.08 | |
| 科图分类: | ||
| 主题词: | 帝王--年号--历史年表--中国--日本--前206-1912 , 历史事件--大事记--中国--日本--前206-1912 | |
| 电子资源: | ||
| ISBN: | 7-80682-093-0 | |
| 000 | 00948nam0 2200241 450 | |
| 001 | 1561412656 | |
| 005 | 20150119160116.53 | |
| 010 | @a7-80682-093-0@dCNY35.00 | |
| 100 | @a20050104d2005 em y0chiy50 ea | |
| 101 | 0 | @achi |
| 102 | @aCN@b510000 | |
| 105 | @ak z 001yy | |
| 200 | 1 | @a中日古代帝王年号及大事对照表@9zhong ri gu dai di wang nian hao ji da shi dui zhao biao@f李寅生编著 |
| 210 | @a成都@c四川辞书出版社@d2005 | |
| 215 | @a217页@d24cm | |
| 330 | @a本书按照“公元(干支)、中国皇帝年号、日本天皇年号、中国历史大事、日本历史大事”的规制,每页分五栏。本书的中国年表起于公元前206年西汉建立,终于1912年中华民国建立。为了便于对照,日本的年表也相应地与之相始终。 | |
| 606 | 0 | @a帝王@x年号@x历史年表@y中国@y日本@z前206-1912 |
| 606 | 0 | @a历史事件@x大事记@y中国@y日本@z前206-1912 |
| 690 | @aK220.8@v5 | |
| 690 | @aK313.08@v5 | |
| 701 | 0 | @a李寅生@9li yin sheng@4编著 |
| 801 | 0 | @aCN@bTSSF@c20150119 |
| 905 | @aZUCC@dK220.8@eJY12 | |
| 中日古代帝王年号及大事对照表/李寅生编著.-成都:四川辞书出版社,2005 |
| 217页;24cm |
| ISBN 7-80682-093-0:CNY35.00 |
| 本书按照“公元(干支)、中国皇帝年号、日本天皇年号、中国历史大事、日本历史大事”的规制,每页分五栏。本书的中国年表起于公元前206年西汉建立,终于1912年中华民国建立。为了便于对照,日本的年表也相应地与之相始终。 |
| ● |
| 相关链接 |
|
|
|
|
正题名:中日古代帝王年号及大事对照表
索取号:K220.8/JY12
 
预约/预借
| 序号 | 登录号 | 条形码 | 馆藏地/架位号 | 状态 | 备注 |
| 1 | 7848193 | 278481938 | 学院路分馆/ [索取号:K220.8/JY12] | 在馆 | |
| 2 | 7848478 | 278484784 | 学院路分馆/ [索取号:K220.8/JY12] | 在馆 |